| 000 | 00405nam a2200169Ia 4500 | ||
|---|---|---|---|
| 001 | 22482 | ||
| 003 | IN-NITTTR | ||
| 005 | 20251114233254.0 | ||
| 008 | 251113s9999||||xx |||||||||||||| ||eng|| | ||
| 040 | _beng | ||
| 040 | _cIN-NITTTR | ||
| 041 | _aeng | ||
| 082 | _a954 P11W | ||
| 100 | _aPalkhivala, Nani A. | ||
| 245 | 0 |
_aWe,the nation : _b the lost decades. / _cPalkhivala, Nani A. |
|
| 942 |
_2ddc _cBK |
||
| 999 |
_c25111 _d25111 |
||